Wirtschaftsbericht 2000
Enregistré dans:
| Format: | Livre |
|---|---|
| Langue: | allemand |
| Publié: |
Bonn
Bundesministerium für Wirtschaft und Technologie
2000
|
| Sujets: | |
| Tags: |
Pas de tags, Soyez le premier à ajouter un tag!
|
MARC
| LEADER | 00000nam a2200000 4500 | ||
|---|---|---|---|
| 001 | c124128 | ||
| 005 | 20230111131920.9 | ||
| 041 | 0 | |a ger | |
| 044 | |a DE | ||
| 245 | 1 | 0 | |a Wirtschaftsbericht 2000 |
| 264 | 1 | |a Bonn |b Bundesministerium für Wirtschaft und Technologie |c 2000 | |
| 300 | |a 62 s. | ||
| 610 | 2 | 0 | |a politika hospodárska |
| 610 | 2 | 0 | |a blahobyt |
| 610 | 2 | 0 | |a úroveň životná |
| 610 | 2 | 0 | |a technológia |
| 610 | 2 | 0 | |a triedy a vrstvy |
| 610 | 2 | 0 | |a politika |
| 610 | 2 | 0 | |a energia |
| 610 | 2 | 0 | |a politika regionálna |
| 610 | 2 | 0 | |a politika zahraničná |
| 610 | 2 | 0 | |a ministerstvá |
| 610 | 2 | 0 | |a Nemecko |
| 610 | 2 | 0 | |a 2000 |